UBT Library

Diagnosis and management of bowel diseases / (Record no. 41967)

000 -LEADER
fixed length control field 00769cam a22002657a 4500
001 - CONTROL NUMBER
control field 12503804
003 - CONTROL NUMBER IDENTIFIER
control field OSt
005 - DATE AND TIME OF LATEST TRANSACTION
control field 20180207032617.0
008 - FIXED-LENGTH DATA ELEMENTS--GENERAL INFORMATION
fixed length control field 010815s1999 okua bf 001 0 eng d
010 ## - LIBRARY OF CONGRESS CONTROL NUMBER
LC control number 2001272246
020 ## - INTERNATIONAL STANDARD BOOK NUMBER
International Standard Book Number 1884735436
035 ## - SYSTEM CONTROL NUMBER
System control number (OCoLC)ocm43349066
040 ## - CATALOGING SOURCE
Original cataloging agency OMC
Transcribing agency OMC
Modifying agency DLC
041 ## - LANGUAGE CODE
Language code of text/sound track or separate title eng
042 ## - AUTHENTICATION CODE
Authentication code lccopycat
080 ## - UNIVERSAL DECIMAL CLASSIFICATION NUMBER
Universal Decimal Classification number 616.33
082 00 - DEWEY DECIMAL CLASSIFICATION NUMBER
Classification number 616.33 ENG
Edition number 21
100 1# - Rafti
Rafti 4
101 ## - Shkurtesa
Shkurtesa SHM
245 10 - TITLE STATEMENT
Title Diagnosis and management of bowel diseases /
Statement of responsibility, etc Paul F. Engstrom ; Eric B. Goosenberg.
504 ## - BIBLIOGRAPHY, ETC. NOTE
Bibliography, etc Includes bibliographical references and index.
906 ## - LOCAL DATA ELEMENT F, LDF (RLIN)
a 7
b cbc
c copycat
d 2
e ncip
f 20
g y-gencatlg
942 ## - ADDED ENTRY ELEMENTS (KOHA)
Source of classification or shelving scheme
Item type Books
Holdings
Withdrawn status Lost status Source of classification or shelving scheme Damaged status Not for loan Collection code Permanent location Current location Shelving location Date acquired Total Checkouts Full call number Barcode Date last seen Price effective from Koha item type
          Koleksioni i përgjithshem UBT - Lipjan UBT - Lipjan Koleksioni i përgjithshem 02/07/2018   616.33 ENG 002-2998955 02/07/2018 02/07/2018 Books
          Koleksioni i përgjithshem UBT - Lipjan UBT - Lipjan Koleksioni i përgjithshem 02/07/2018   616.33 ENG 002-2998940 02/07/2018 02/07/2018 Books
UBT Library © 2015-2024. All rights reserved University Education for Business and Technology